Blooket - Statistics

General Stats
  • This quiz has been taken 107 times
  • The average score is 12 of 15
Answer Stats
Question Answer % Correct
Which blook is in the space box? astronaut
100%
Which blook is in the spooky box werewolf
100%
Which blook is in the wonderland box? mad Hatter
93%
Which blook is in the aquatic box? megaladon
93%
Which Blook is in the Dinosaur box? T. Rex
93%
Which blook is in the medivel box? queen
86%
Which blook is in the lovely box? Lovely frog
79%
Which blook is in the bot box? Mega bot
79%
What rarity is most rarest? Mystical
79%
Which blook is in the breakfast box? pizza
79%
Which blook is in the spring box? Spring Frog
79%
Which blook is in the blizzard box. frost wreath
71%
What Box in blooket is only around for the time of halloween? Halloween Box
71%
Which blook is in the lucky box? lucky frog
71%
Which blook is in the safari box? Tiger zebra[awarded]
57%
No matching quizzes found
Score Distribution
Percent of People with Each Score
Percentile by Number Answered
Your Score History
You have not taken this quiz